Learning, Curriculum and Employability in Higher education (Record no. 6220)

MARC details
000 -LEADER
fixed length control field 01210cam a22003374a 4500
001 - CONTROL NUMBER
control field 13206811
003 - CONTROL NUMBER IDENTIFIER
control field OSt
005 - DATE AND TIME OF LATEST TRANSACTION
control field 20190930124730.0
008 - FIXED-LENGTH DATA ELEMENTS--GENERAL INFORMATION
fixed length control field 030521s2004 enk b 001 0 eng
010 ## - LIBRARY OF CONGRESS CONTROL NUMBER
LC control number 2003011678
015 ## - NATIONAL BIBLIOGRAPHY NUMBER
National bibliography number GBA4-10816
020 ## - INTERNATIONAL STANDARD BOOK NUMBER
International Standard Book Number 9780415303439
035 ## - SYSTEM CONTROL NUMBER
System control number (OCoLC)ocm52312387
040 ## - CATALOGING SOURCE
Original cataloging agency DLC
Transcribing agency DLC
Modifying agency YDX
-- UKM
-- OCLCQ
-- BAKER
-- DLC
042 ## - AUTHENTICATION CODE
Authentication code pcc
043 ## - GEOGRAPHIC AREA CODE
Geographic area code e-uk---
050 00 - LIBRARY OF CONGRESS CALL NUMBER
Item number K55 2004
082 00 - DEWEY DECIMAL CLASSIFICATION NUMBER
Classification number 375
Edition number 21
Item number KNI 2009
100 1# - MAIN ENTRY--PERSONAL NAME
Personal name Knight, Peter; Yorke, Mantz.
9 (RLIN) 12804
245 10 - TITLE STATEMENT
Title Learning, Curriculum and Employability in Higher education
260 ## - PUBLICATION, DISTRIBUTION, ETC. (IMPRINT)
Place of publication, distribution, etc. London ;
Name of publisher, distributor, etc. RoutledgeFalmer,
Date of publication, distribution, etc. 2004.
300 ## - PHYSICAL DESCRIPTION
Extent x, 241 p. ;
Dimensions 24 cm.
504 ## - BIBLIOGRAPHY, ETC. NOTE
Bibliography, etc Includes bibliographical references (p. [221]-233) and index.
650 #0 - SUBJECT ADDED ENTRY--TOPICAL TERM
Topical term or geographic name as entry element Education, Higher
9 (RLIN) 12805
650 #0 - SUBJECT ADDED ENTRY--TOPICAL TERM
Topical term or geographic name as entry element Employment
9 (RLIN) 12807
856 41 - ELECTRONIC LOCATION AND ACCESS
Materials specified Table of contents only
Uniform Resource Identifier http://www.loc.gov/catdir/toc/ecip044/2003011678.html
856 42 - ELECTRONIC LOCATION AND ACCESS
Materials specified Publisher description
Uniform Resource Identifier http://www.loc.gov/catdir/enhancements/fy0701/2003011678-d.html
906 ## - LOCAL DATA ELEMENT F, LDF (RLIN)
a 7
b cbc
c orignew
d 1
e ecip
f 20
g y-gencatlg
942 ## - ADDED ENTRY ELEMENTS (KOHA)
Source of classification or shelving scheme Dewey Decimal Classification
Koha item type Open Shelf
Holdings
Withdrawn status Lost status Source of classification or shelving scheme Damaged status Not for loan Home library Current library Date acquired Source of acquisition Inventory number Total Checkouts Full call number Barcode Date last seen Koha item type
    Dewey Decimal Classification     MUST Main Library MUST Main Library 15/08/2019 Purchase 19/41113   375 KNI 2009 2019-0083 15/08/2019 Open Shelf
    Dewey Decimal Classification     MUST Main Library MUST Main Library 15/08/2019 Purchase 19/41063   375 KNI 2009 2019-0084 15/08/2019 Open Shelf
    Dewey Decimal Classification     MUST Main Library MUST Main Library 15/08/2019 Purchase 19/41062   375 KNI 2009 2019-0091 15/08/2019 Open Shelf
    Dewey Decimal Classification     MUST Main Library MUST Main Library 15/08/2019 Purchase 19/41064   375 KNI 2009 2019-0092 15/08/2019 Short Loan
    Dewey Decimal Classification     MUST Main Library MUST Main Library 15/08/2019 Purchase 2019/41061   375 KNI 2009 19-0093 15/08/2019 Short Loan